000 00313nam a2200121Ia 4500
008 190216s9999||||xx |||||||||||||| ||und||
100 _aBarreth Clark & Maxiamlieder
245 0 _aGreat Short Stories Of The World
260 _bSpring Books
300 _a1078
650 _aEnglish Short Stories
942 _cBK
999 _c11567
_d11567